[Event "Eindhoven WLC op 13th"]
[Site "Eindhoven"]
[Date "2023.05.06"]
[Round "3"]
[White "Wichtrup, Jan Louis"]
[Black "Grooten, Herman"]
[Result "0-1"]
[WhiteElo "2135"]
[BlackElo "2252"]
[PlyCount "108"]
[EventDate "2023.05.05"]
[EventType "swiss"]
[EventRounds "6"]
[EventCountry "NED"]
[SourceTitle "CBM 214 Extra"]
[Source "ChessBase"]
[SourceDate "2023.07.31"]
[SourceVersion "1"]
[SourceVersionDate "2023.07.31"]
[SourceQuality "1"]

1. d4 Nf6 2. c4 c5 3. Nf3 cxd4 4. Nxd4 e5 5. Nb5 d5 6. cxd5 Bc5 7. N5c3 0-0 8. g3 Ng4 9. e3 f5 10. Be2 Nf6 11. Nd2 a6 12. 0-0 b5 13. b3 Nxd5 14. Nxd5 Qxd5 15. Nf3 Qe6 16. Bb2 e4 17. Nd4 Qb6 18. a4 bxa4 19. Bc4+ Kh8 20. Rxa4 Bd7 21. Ra1 Ra7 22. Qh5 Be8 23. Qh3 Bd7 24. Qh4 a5 25. Rab1 Nc6 26. Ne2 Be7 27. Qh5 Bf6 28. Nf4 Ne7 29. Qe2 Bxb2 30. Rxb2 Nc6 31. Kg2 Ne5 32. Rd1 Nf3 33. Ra2 Qh6 34. h4 Qf6 35. h5 g5 36. hxg6 hxg6 37. Rh1+ Kg7 38. Qd1 Qe5 39. Qd5 Qxd5 40. Nxd5 Rb8 41. Rha1 Rh8 42. g4 a4 43. gxf5 gxf5 44. Nb6 Kf6 45. bxa4 Be8 46. Kf1 Rb7 47. a5 Nd2+ 48. Ke2 Nxc4 49. Nxc4 Bb5 50. Rc2 Rc7 51. Rac1 Rhc8 52. Kd2 Rxc4 53. Rxc4 Bxc4 54. Rb1 Rc6 0-1

[Event "Reykjavik Kvika op"]
[Site "Reykjavik"]
[Date "2022.04.06"]
[Round "1"]
[White "Wichtrup, Jan Louis"]
[Black "Beerdsen, Thomas"]
[Result "0-1"]
[WhiteElo "2166"]
[BlackElo "2496"]
[PlyCount "52"]
[EventDate "2022.04.06"]
[EventType "swiss"]
[EventRounds "9"]
[EventCountry "ISL"]
[SourceTitle "CBM 207 Extra"]
[Source "ChessBase"]
[SourceDate "2022.05.31"]
[SourceVersion "1"]
[SourceVersionDate "2022.05.31"]
[SourceQuality "1"]

1. Nf3 Nf6 2. c4 e6 3. b3 c5 4. Bb2 Nc6 5. e3 a6 6. Be2 d5 7. cxd5 exd5 8. d4 cxd4 9. Nxd4 Bd6 10. Nc3 0-0 11. 0-0 Re8 12. Bf3 Bc7 13. Nce2 Ne5 14. Ng3 Qd6 15. Rc1 Bd7 16. Qc2 Rac8 17. Rfd1 Bb8 18. Qe2 Nfg4 19. Rxc8 Bxc8 20. h3 Nf6 21. Ndf5 Qe6 22. Ba3 Bd7 23. Nd4 Qb6 24. Nf1 Ne4 25. Rc1 Qg6 26. Kh1 Nd3 0-1

[Event "Muensterland op 38th"]
[Site "Muenster"]
[Date "2021.10.10"]
[Round "4"]
[White "Wichtrup, Jan Louis"]
[Black "Stillger, Bernhard"]
[Result "1/2-1/2"]
[WhiteElo "2151"]
[BlackElo "2243"]
[PlyCount "62"]
[EventDate "2021.10.08"]
[EventType "swiss"]
[EventRounds "9"]
[EventCountry "GER"]
[SourceTitle "EXT 2023"]
[Source "ChessBase"]
[SourceDate "2022.10.05"]
[SourceVersion "1"]
[SourceVersionDate "2022.10.05"]
[SourceQuality "1"]

1. d4 Nf6 2. c4 e6 3. Nc3 Bb4 4. Qc2 0-0 5. Nf3 c5 6. dxc5 Na6 7. g3 Nxc5 8. Bg2 b6 9. 0-0 Bb7 10. Nb5 Be4 11. Qd1 Nb7 12. Bf4 a6 13. Nd6 Bxd6 14. Bxd6 Nxd6 15. Qxd6 Qb8 16. Qxb8 Raxb8 17. Rfd1 Bxf3 18. Bxf3 Rfc8 19. Rac1 Kf8 20. b4 Rc7 21. Rd3 a5 22. Ra3 axb4 23. Ra4 Nd5 24. Bxd5 exd5 25. Rxb4 dxc4 26. Rcxc4 Rxc4 27. Rxc4 Ke7 28. e4 b5 29. Rd4 b4 30. Kf1 b3 31. axb3 Rxb3 1/2-1/2

[Event "Dortmund Sparkassen op 47th"]
[Site "Dortmund"]
[Date "2019.07.15"]
[Round "3"]
[White "Hausrath, Daniel"]
[Black "Wichtrup, Jan Louis"]
[Result "1-0"]
[WhiteElo "2468"]
[BlackElo "2125"]
[PlyCount "95"]
[EventDate "2019.07.13"]
[EventType "swiss"]
[EventRounds "9"]
[EventCountry "GER"]
[SourceTitle "EXT 2020"]
[Source "ChessBase"]
[SourceDate "2019.10.17"]
[SourceVersion "1"]
[SourceVersionDate "2019.10.17"]
[SourceQuality "1"]

1. Nf3 Nf6 2. g3 d5 3. Bg2 e6 4. 0-0 Be7 5. d3 0-0 6. c3 c5 7. a3 Nc6 8. b4 b6 9. Nbd2 Qc7 10. Rb1 Rd8 11. Qc2 Bb7 12. bxc5 bxc5 13. c4 d4 14. Rxb7 Qxb7 15. Ne5 Rac8 16. Qa4 Rd6 17. Nb3 Qb6 18. Nxc6 Rdxc6 19. Bxc6 Rxc6 20. Bg5 Qa6 21. Qb5 Rb6 22. Qxa6 Rxa6 23. Ra1 Rb6 24. Nd2 Kf8 25. Bxf6 Bxf6 26. Rb1 Rxb1+ 27. Nxb1 Bg5 28. f4 Bd8 29. Nd2 f5 30. Nf3 Bf6 31. Kf2 Ke7 32. h3 Kd6 33. g4 g6 34. Kg3 e5 35. gxf5 gxf5 36. fxe5+ Bxe5+ 37. Kh4 Bf4 38. Kh5 Ke6 39. Ng5+ Ke5 40. Nxh7 Bc1 41. a4 Kf4 42. Kg6 Kg3 43. Kxf5 Kxh3 44. Nf8 Kg3 45. Nd7 Ba3 46. a5 Kf2 47. a6 Bb4 48. Nb6 1-0

[Event "Groninger Combinatie op"]
[Site "Groningen"]
[Date "2019.06.02"]
[Round "6"]
[White "Wichtrup, Jan Louis"]
[Black "Van den Heuvel, Annelies"]
[Result "1-0"]
[WhiteElo "2110"]
[BlackElo "1656"]
[PlyCount "41"]
[EventDate "2019.05.30"]
[EventType "swiss"]
[EventRounds "7"]
[EventCountry "NED"]
[SourceTitle "CBM 190 Extra"]
[Source "ChessBase"]
[SourceDate "2019.07.15"]
[SourceVersion "1"]
[SourceVersionDate "2019.07.15"]
[SourceQuality "1"]

1. d4 Nf6 2. c4 c5 3. Nf3 cxd4 4. Nxd4 d5 5. cxd5 Nxd5 6. g3 g6 7. Nb5 Qa5+ 8. N1c3 Nxc3 9. Nxc3 Bg7 10. Bg2 Bxc3+ 11. bxc3 Qxc3+ 12. Bd2 Qa3 13. 0-0 0-0 14. Bh6 Re8 15. Qd4 e5 16. Qh4 Nd7 17. Rfd1 Qe7 18. Bg5 Qf8 19. Rac1 Nb6 20. Bh6 Qe7 21. Qxe7 1-0

[Event "Groninger Combinatie op"]
[Site "Groningen"]
[Date "2019.05.31"]
[Round "3"]
[White "Wichtrup, Jan Louis"]
[Black "Enserink, Henk"]
[Result "1-0"]
[WhiteElo "2110"]
[BlackElo "1794"]
[PlyCount "115"]
[EventDate "2019.05.30"]
[EventType "swiss"]
[EventRounds "7"]
[EventCountry "NED"]
[SourceTitle "CBM 190 Extra"]
[Source "ChessBase"]
[SourceDate "2019.07.15"]
[SourceVersion "1"]
[SourceVersionDate "2019.07.15"]
[SourceQuality "1"]

1. d4 Nf6 2. c4 g6 3. Nc3 Bg7 4. e4 d6 5. Nf3 0-0 6. Be2 Re8 7. 0-0 Nbd7 8. Qc2 e5 9. d5 h6 10. Ne1 Nh7 11. Be3 Rf8 12. Nd3 f5 13. f3 Ndf6 14. c5 f4 15. Bf2 g5 16. cxd6 cxd6 17. Nb5 g4 18. Qc7 gxf3 19. Qxd8 Rxd8 20. gxf3 Bh3 21. Rfc1 Rd7 22. Bxa7 Bf8 23. Kh1 Ng5 24. Nf2 Rg7 25. Bb6 Bd7 26. Nc7 Rc8 27. Rc3 Nh3 28. Nxh3 Bxh3 29. Bf1 Bxf1 30. Rxf1 Nd7 31. Bf2 Nf6 32. Ne6 Rxc3 33. bxc3 Rf7 34. Rg1+ Kh7 35. Rb1 Kg8 36. Bh4 Nh7 37. Rb6 Rd7 38. a4 Bg7 39. Nd8 Rc7 40. Rb3 Rc4 41. a5 Ra4 42. Nxb7 Ra1+ 43. Kg2 Ra2+ 44. Kf1 Rxh2 45. Ra3 Rxh4 46. a6 Ng5 47. a7 Nxf3 48. a8Q+ Kh7 49. Qc8 Rg4 50. Qf5+ Rg6 51. c4 Nh4 52. Qh3 Bf6 53. Nxd6 f3 54. Rxf3 Nxf3 55. Qxf3 Bd8 56. Qf5 Bb6 57. Ne8 h5 58. Qxh5+ 1-0

[Event "Ruhrgebiet Regionalliga 1718"]
[Site "Germany"]
[Date "2018.02.11"]
[Round "6.3"]
[White "Ahling, Michael"]
[Black "Wichtrup, Jan Louis"]
[Result "1/2-1/2"]
[WhiteElo "2106"]
[BlackElo "1960"]
[PlyCount "69"]
[EventDate "2017.10.01"]
[EventType "team-tourn"]
[EventRounds "9"]
[EventCountry "GER"]
[SourceTitle "EXT 2022"]
[Source "ChessBase"]
[SourceDate "2021.10.06"]
[SourceVersion "1"]
[SourceVersionDate "2021.10.06"]
[SourceQuality "1"]
[WhiteTeam "Horst Emscher"]
[BlackTeam "Dortmund SV"]
[WhiteTeamCountry "GER"]
[BlackTeamCountry "GER"]

1. d4 d5 2. Bf4 Nf6 3. e3 c5 4. c3 Nc6 5. Nd2 e6 6. Ngf3 Bd6 7. Bg3 0-0 8. Bd3 b6 9. e4 Be7 10. e5 Nh5 11. a3 c4 12. Bc2 Bd7 13. Qe2 g6 14. Nf1 b5 15. h3 Nxg3 16. Nxg3 a5 17. h4 b4 18. h5 bxc3 19. bxc3 Bg5 20. Rb1 Rb8 21. Rxb8 Nxb8 22. Nxg5 Qxg5 23. Qd2 Qxd2+ 24. Kxd2 Nc6 25. Nf1 f5 26. exf6 Rxf6 27. f3 Kg7 28. hxg6 hxg6 29. Ne3 Rf8 30. Ng4 Rb8 31. Rb1 Rxb1 32. Bxb1 Be8 33. Bc2 Ne7 34. Ne5 Kf6 35. Ke2 1/2-1/2

[Event "Ruhrgebiet Verbandsliga Gruppe 1 1516"]
[Site "Germany"]
[Date "2016.02.21"]
[Round "7.8"]
[White "Wichtrup, Jan Louis"]
[Black "Braun, Uwe"]
[Result "1-0"]
[WhiteElo "1772"]
[BlackElo "1798"]
[PlyCount "55"]
[EventDate "2015.09.06"]
[EventType "team-tourn"]
[EventRounds "9"]
[EventCountry "GER"]
[SourceTitle "EXT 2022"]
[Source "ChessBase"]
[SourceDate "2021.10.06"]
[SourceVersion "1"]
[SourceVersionDate "2021.10.06"]
[SourceQuality "1"]
[WhiteTeam "Dortmund SV"]
[BlackTeam "Bottrop SV"]
[WhiteTeamCountry "GER"]
[BlackTeamCountry "GER"]

1. d4 e6 2. c4 d5 3. Nf3 Nf6 4. Bg5 Be7 5. Nc3 h6 6. Bh4 0-0 7. e3 c6 8. Bd3 Nbd7 9. 0-0 Re8 10. Rc1 dxc4 11. Bxc4 Qa5 12. a3 Bd6 13. e4 Bf4 14. Rc2 g5 15. Bg3 Bxg3 16. hxg3 Nb6 17. Bb3 e5 18. Nxe5 Be6 19. Bxe6 Rxe6 20. Qf3 Rf8 21. Rd1 Kg7 22. Qf5 Re7 23. Rd3 Nfd7 24. f4 Nxe5 25. fxe5 Nd7 26. Rf2 Qc7 27. Qh3 c5 28. Nd5 1-0

[Event "Ruhrgebiet Verbandsliga Gruppe 1 1516"]
[Site "Germany"]
[Date "2015.11.29"]
[Round "4.6"]
[White "Stricker, Florian"]
[Black "Wichtrup, Jan Louis"]
[Result "1/2-1/2"]
[WhiteElo "1970"]
[BlackElo "1772"]
[PlyCount "64"]
[EventDate "2015.09.06"]
[EventType "team-tourn"]
[EventRounds "9"]
[EventCountry "GER"]
[SourceTitle "EXT 2022"]
[Source "ChessBase"]
[SourceDate "2021.10.06"]
[SourceVersion "1"]
[SourceVersionDate "2021.10.06"]
[SourceQuality "1"]
[WhiteTeam "Bochum SG III"]
[BlackTeam "Dortmund SV"]
[WhiteTeamCountry "GER"]
[BlackTeamCountry "GER"]

1. d4 Nf6 2. c4 e6 3. Nf3 d5 4. Nc3 Be7 5. e3 0-0 6. Be2 Nbd7 7. 0-0 c6 8. Qc2 b6 9. e4 dxe4 10. Ne5 Bb7 11. Bf4 c5 12. Rad1 cxd4 13. Rxd4 Qc8 14. Rfd1 Nxe5 15. Bxe5 Bc6 16. b4 Rd8 17. Rxd8+ Bxd8 18. b5 Bb7 19. Bd6 Bc7 20. Be7 Qe8 21. Bxf6 gxf6 22. Nxe4 Bxe4 23. Qxe4 Rd8 24. Rxd8 Qxd8 25. a4 Bd6 26. g4 Bc5 27. Bd3 Qd4 28. Qf3 Kg7 29. h4 h6 30. Kg2 Qe5 31. h5 Qd4 32. Be2 Qe5 1/2-1/2

[Event "Dortmund Sparkassen op-B"]
[Site "Dortmund"]
[Date "2015.07.03"]
[Round "7"]
[White "Kartsev, Nikolaj"]
[Black "Wichtrup, Jan Louis"]
[Result "1/2-1/2"]
[WhiteElo "1671"]
[BlackElo "1736"]
[PlyCount "34"]
[EventDate "2015.06.27"]
[EventType "swiss"]
[EventRounds "9"]
[EventCountry "GER"]
[SourceTitle "CBM 167 Extra"]
[Source "ChessBase"]
[SourceDate "2015.09.14"]
[SourceVersion "1"]
[SourceVersionDate "2015.09.14"]
[SourceQuality "1"]

1. Nf3 Nf6 2. g3 d5 3. Bg2 e6 4. d4 Be7 5. Nc3 c5 6. dxc5 Na6 7. Bf4 Nxc5 8. 0-0 0-0 9. Qd2 Nfe4 10. Nxe4 Nxe4 11. Qd3 b6 12. c3 Bb7 13. Nd2 Nxd2 14. Qxd2 Rc8 15. Rad1 Bf6 16. Be3 Qe7 17. f4 Rfd8 1/2-1/2

[Event "Ruhrgebiet Verbandsklasse Gruppe 2 1415"]
[Site "Germany"]
[Date "2014.09.21"]
[Round "1.7"]
[White "Wichtrup, Jan Louis"]
[Black "Mueller, Marcus"]
[Result "1/2-1/2"]
[WhiteElo "1761"]
[BlackElo "1700"]
[PlyCount "65"]
[EventDate "2014.09.21"]
[EventType "team-tourn"]
[EventRounds "9"]
[EventCountry "GER"]
[SourceTitle "EXT 2022"]
[Source "ChessBase"]
[SourceDate "2021.10.06"]
[SourceVersion "1"]
[SourceVersionDate "2021.10.06"]
[SourceQuality "1"]
[WhiteTeam "Dortmund SV"]
[BlackTeam "Brackel SF III"]
[WhiteTeamCountry "GER"]
[BlackTeamCountry "GER"]

1. d4 Nf6 2. Nf3 g6 3. c4 Bg7 4. Nc3 0-0 5. e4 d6 6. Be2 Nbd7 7. 0-0 Re8 8. Ne1 e5 9. d5 Nc5 10. f3 a5 11. Nd3 Nfd7 12. Be3 f5 13. a3 f4 14. Bf2 Nxd3 15. Bxd3 Nc5 16. Qc2 Na6 17. Rab1 g5 18. b4 axb4 19. axb4 b6 20. Na4 Bd7 21. Rb2 h5 22. Ra1 g4 23. Raa2 Bf8 24. c5 dxc5 25. Bxa6 Rxa6 26. bxc5 Rxa4 27. Rxa4 Bxa4 28. Qxa4 Bxc5 29. Bxc5 bxc5 30. Qc6 Qa8 31. Qg6+ Kf8 32. Qf6+ Kg8 33. Qg6+ 1/2-1/2

[Event "Dortmund Sparkassen op-B"]
[Site "Dortmund"]
[Date "2014.07.19"]
[Round "8"]
[White "Herrmann, Christoph"]
[Black "Wichtrup, Jan Louis"]
[Result "1/2-1/2"]
[WhiteElo "1935"]
[BlackElo "1771"]
[PlyCount "32"]
[EventDate "2014.07.12"]
[EventType "swiss"]
[EventRounds "9"]
[EventCountry "GER"]
[SourceTitle "EXT 2022"]
[Source "ChessBase"]
[SourceDate "2021.10.06"]
[SourceVersion "1"]
[SourceVersionDate "2021.10.06"]
[SourceQuality "1"]

1. e4 e5 2. Nf3 Nc6 3. Bb5 a6 4. Bxc6 dxc6 5. d4 exd4 6. Qxd4 Qxd4 7. Nxd4 c5 8. Ne2 Bd7 9. Be3 0-0-0 10. Nbc3 Bd6 11. 0-0-0 Ne7 12. Bf4 Bxf4+ 13. Nxf4 Be6 14. f3 Rxd1+ 15. Rxd1 Rd8 16. g4 Rxd1+ 1/2-1/2

[Event "NRW Verbandsliga Group2 1314"]
[Site "Nordrheinwestfalen"]
[Date "2013.10.13"]
[Round "2"]
[White "Wichtrup, Jan Louis"]
[Black "Breuckmann, Walter"]
[Result "1/2-1/2"]
[WhiteElo "1763"]
[BlackElo "1639"]
[PlyCount "46"]
[EventDate "2013.09.08"]
[EventType "team-tourn"]
[EventRounds "9"]
[EventCountry "GER"]
[SourceTitle "EXT 2020"]
[Source "ChessBase"]
[SourceDate "2019.10.17"]
[SourceVersion "1"]
[SourceVersionDate "2019.10.17"]
[SourceQuality "1"]
[WhiteTeam "Dortmund SV"]
[BlackTeam "Recklinghausen Laeufer Ost"]
[WhiteTeamCountry "GER"]
[BlackTeamCountry "GER"]

1. d4 d5 2. Nf3 Nf6 3. c4 e6 4. Nc3 c6 5. e3 Be7 6. Bd3 Nbd7 7. 0-0 dxc4 8. Bxc4 b5 9. Bd3 a6 10. b3 c5 11. Bb2 cxd4 12. Nxd4 Bb7 13. Rc1 0-0 14. Qe2 Ne5 15. Bb1 Ng6 16. Rfd1 Qe8 17. f3 Rc8 18. a4 b4 19. Na2 a5 20. Bd3 Rxc1 21. Nxc1 Nd5 22. Bb5 Qa8 23. Nd3 Rc8 1/2-1/2